000 00179 a2200097 4500
020 _a9781451628609
041 _aeng
100 _aJ.A Jance
245 _aLeft for Dead
942 _cK
999 _c26970
_d26970